00570nam a2200169 a 450000100060000000300090000600800410001504000280005608200180008410000170010224500450011926000310016430000080019550501350020365000270033865000350036522540CO-ViMGA141112s2004 ck r 000 u spa d aCO-ViMGAbspacCO-ViMGA04a301.248 B111f1 aBabbie, Earl10aFundamentos de la investigación social aMexico : bThomson, c2000 a473 aIntroducción a la investigación 2 - 52 - - La estructura de la investigación 68 - 169 - - Modos de Observación 208 - 310 14aINVESTIGACIóN SOCIAL14aSOCIOLOGIA - InvestigaciónES